[Event "GER-ch U10"]
[Site "Willingen"]
[Date "2024.05.25"]
[Round "11"]
[White "Liu, Jonas1"]
[Black "Katzenstein, Alexander"]
[Result "1-0"]
[WhiteElo "1630"]
[BlackElo "1275"]
[PlyCount "45"]
[EventDate "2024.05.19"]
[EventType "swiss"]
[EventRounds "11"]
[EventCountry "GER"]
[SourceTitle "CB27_2024"]
[SourceDate "2024.07.03"]
[SourceVersion "1"]
[SourceVersionDate "2024.07.03"]
[SourceQuality "1"]

1. e4 c5 2. Nf3 d6 3. d4 cxd4 4. Nxd4 Nf6 5. Nc3 g6 6. f3 Bg7 7. Be3 0-0 8. Qd2 Nc6 9. 0-0-0 Nxd4 10. Bxd4 Be6 11. g4 a5 12. h4 a4 13. h5 Bd7 14. Be3 Rb8 15. Bh6 b5 16. Bxg7 Kxg7 17. hxg6 fxg6 18. Qh6+ Kf7 19. g5 Rh8 20. gxf6 exf6 21. Rxd6 Qc7 22. Rxf6+ Ke8 23. Qg7 1-0

[Event "GER-ch U10"]
[Site "Willingen"]
[Date "2024.05.23"]
[Round "8"]
[White "Katzenstein, Alexander"]
[Black "Seegebrecht, Johann"]
[Result "1-0"]
[WhiteElo "1275"]
[BlackElo "1421"]
[PlyCount "42"]
[EventDate "2024.05.19"]
[EventType "swiss"]
[EventRounds "11"]
[EventCountry "GER"]
[SourceTitle "CB27_2024"]
[SourceDate "2024.07.03"]
[SourceVersion "1"]
[SourceVersionDate "2024.07.03"]
[SourceQuality "1"]

1. d4 g6 2. e4 Bg7 3. Nc3 d6 4. f4 a6 5. a4 Nd7 6. Nf3 b6 7. b4 Bb7 8. Rb1 e5 9. fxe5 dxe5 10. Be3 Ne7 11. Bc4 0-0 12. Qd2 Re8 13. Bh6 Nc6 14. d5 Nd4 15. 0-0 Nxf3+ 16. Rxf3 Qh4 17. Rh3 Qf6 18. Rf1 Qd6 19. Bxg7 Kxg7 20. Qh6+ Kg8 21. Qxh7+ Kf8 1-0